Indian economic review (Record no. 172644)
[ view plain ]
| 000 -LEADER | |
|---|---|
| fixed length control field | 00597nam a22001817a 4500 |
| 005 - DATE AND TIME OF LATEST TRANSACTION | |
| control field | 20200210124055.0 |
| 008 - FIXED-LENGTH DATA ELEMENTS--GENERAL INFORMATION | |
| fixed length control field | 200210b ||||| |||| 00| 0 eng d |
| 022 ## - INTERNATIONAL STANDARD SERIAL NUMBER | |
| International Standard Serial Number | 0019-4670 |
| 040 ## - CATALOGING SOURCE | |
| Original cataloging agency | dpl |
| 082 ## - DEWEY DECIMAL CLASSIFICATION NUMBER | |
| Classification number | 330.954 |
| 245 ## - TITLE STATEMENT | |
| Title | Indian economic review |
| Statement of responsibility, etc | Delhi School of Economics |
| 246 ## - VARYING FORM OF TITLE | |
| Title proper/short title | Indian economic review : |
| Remainder of title | journal of Delhi School of Economics |
| 260 ## - PUBLICATION, DISTRIBUTION, ETC. (IMPRINT) | |
| Place of publication, distribution, etc | New Delhi |
| Name of publisher, distributor, etc | Springer Nature India |
| Date of publication, distribution, etc | 2019 |
| 300 ## - PHYSICAL DESCRIPTION | |
| Extent | v. |
| Dimensions | 23 cm. |
| 310 ## - CURRENT PUBLICATION FREQUENCY | |
| Current publication frequency | Biannual |
| 270 ## - ADDRESS | |
| Address | 7th Floor, Vijaya Building, 17,Barakhamba Road |
| City | New Delhi |
| Country | 110001 |
| 942 ## - ADDED ENTRY ELEMENTS (KOHA) | |
| Source of classification or shelving scheme | Dewey Decimal Classification |
| Item type | Periodicals |
| Classification part | 330.954 |
No items available.
